02419nab a2200229uuc4500001000800000005001700008008004100025035001200066035002100078040001300099041000800112100005400120245014800174520156100322650002301883650003401906650002901940700005001969773014102019942001002160999001902170109798220250311103932.0080815e20060701 spa  a1097982 a(OCoLC)820437720 ccomduadb aspa10aCamargo Rodríguez, Ivan Dario4auteaut946397110aNuevas perspectivas para el estudio de la asignación de biomasa y su relación con el funcionamiento de plantas en ecosistemas neotropicales3 aRESUMEN : Cómo responden las plantas a la variabilidad en la disponibilidad de los recursos abióticos, es un tema central en estudios de fisiología ecológica. Varios modelos de partición óptima han sugerido un balance funcional en la biomasa asignada al vástago y la raíz con la siguiente predicción: "las plantas cambiarían su asignación de biomasa hacia el vástago si la ganancia de carbono de la parte aérea de la planta es afectada por un nivel bajo de recursos sobre el suelo, tal como luz o CO2. Igualmente, las plantas cambiarían su asignación hacia la raíz si el nivel de los recursos del suelo es bajo, tal como nutrientes y agua". Estos cambios en la asignación pueden ser considerados como adaptativos, ya que permiten a la planta capturar más de aquel recurso que limita fuertemente su crecimiento. En este trabajo, discutimos algunos esquemas metodológicos que a través de la descripción y análisis de la asignación de biomasa pretenden probar dicha predicción. Enfatizamos que la conclusión extraída en contra o a favor de la predicción se fundamenta en la interpretación del término plasticidad, conllevando recientemente al uso de metodologías que sugieren que la predicción no se cumple en respuesta a la disponibilidad de algunos recursos. Proponemos la utilización de un protocolo de investigación para estudiar los patrones de asignación de biomasa y sugerimos una metodología para cuantificar la plasticidad de diferentes genotipos desde un punto de vista discreto. 7aBiomasa2dcs96731 aEcosistemas tropicales929671 7aPlasticidad2lemb94201710aRodríguez López, Nelson4auteaut94639720 tActa Biológica Colombiana (Bogotá)gVol. 11, 2006. Suplemento, p. 75-87w(CO-MdUADB)5898z0120548X044829575693o0727268x0120-548X cARIMP c469110d469110